[Event "XVII Torneo Internacional de Ajedrez "]
[Site "Albacete - ESPAÑA"]
[Date "2009.09.02"]
[Round "2.9"]
[White "Serna Lara, Sergio"]
[Black "Gomez Garrido, Camilo"]
[Result "0-1"]
[WhiteElo "2244"]
[BlackElo "2473"]
[PlyCount "88"]
[EventDate "2009.09.01"]

1. d4 d5 2. c4 c6 3. Nc3 Nf6 4. Nf3 a6 5. h3 g6 6. Bf4 Bg7 7. e3 O-O 8. Be2
dxc4 9. Bxc4 Nd5 10. Bxd5 cxd5 11. Qb3 e6 12. O-O Nc6 13. Na4 Na5 14. Qb6 Bd7
15. Qxd8 Raxd8 16. Nb6 Nc4 17. Nxd7 Rxd7 18. b3 Na5 19. Rac1 Nc6 20. Rfd1 f6
21. g4 h6 22. Bg3 Re8 23. h4 g5 24. hxg5 hxg5 25. Ne1 Bf8 26. Nd3 Ba3 27. Rc2
Kf7 28. f3 Rh8 29. Kg2 Be7 30. Nc5 Nb4 31. Rcd2 Bxc5 32. dxc5 Nc6 33. a3 a5 34.
Rb1 d4 35. exd4 Nxd4 36. Bd6 e5 37. b4 Rh2+ 38. Kxh2 Nxf3+ 39. Kg3 Nxd2 40. Rd1
Nc4 41. bxa5 Nxa5 42. Rc1 Ke6 43. Kf3 Nb3 44. Rc4 Nd2+ 0-1

[Event "XVII Torneo Internacional de Ajedrez "]
[Site "Albacete - ESPAÑA"]
[Date "2009.09.02"]
[Round "2.10"]
[White "Pozo Vera, Sandro"]
[Black "Picazo Lopez, Juan Antonio"]
[Result "0-1"]
[WhiteElo "2464"]
[BlackElo "2244"]
[PlyCount "114"]
[EventDate "2009.09.01"]

1. d4 d5 2. c4 c6 3. Nc3 Nf6 4. Bg5 Ne4 5. Nxe4 dxe4 6. Qd2 Qb6 7. c5 Qc7 8.
Bf4 Qd8 9. f3 Bf5 10. g4 Bg6 11. Bg2 Nd7 12. Bg3 e5 13. e3 exf3 14. Nxf3 exd4
15. exd4 Be7 16. O-O O-O 17. Qe3 b6 18. b4 Rc8 19. Rad1 Bc2 20. Rd2 Ba4 21. Re1
Re8 22. Qa3 Bb5 23. Qxa7 Ra8 24. Qc7 Qxc7 25. Bxc7 bxc5 26. dxc5 Nf6 27. Nd4
Nxg4 28. Bf3 Bg5 29. Rdd1 Be3+ 30. Kg2 Rxa2+ 31. Kg3 Bf2+ 32. Kxg4 Bxe1 33.
Nxb5 cxb5 34. Bc6 Rc8 35. Bd5 Rd2 36. Rxd2 Bxd2 37. Ba5 Rxc5 38. bxc5 Bxa5 39.
Kf3 Kf8 40. Bb3 Bb4 41. c6 Bd6 42. h3 Ke7 43. Ke4 g6 44. Kd5 f5 45. Bc2 b4 46.
Bb3 f4 47. Ke4 Kd8 48. Bd5 Kc7 49. Kd3 Kd8 50. Ke4 Ke7 51. Bc4 Kf6 52. Kd5 Bc7
53. Ke4 Kg5 54. Kf3 Kh4 55. Kg2 f3+ 56. Kxf3 Kxh3 57. Be6+ Kh4 0-1

[Event "XVII Torneo Internacional de Ajedrez "]
[Site "Albacete - ESPAÑA"]
[Date "2009.09.02"]
[Round "2.11"]
[White "Jimenez Martinez, Jose Vicente"]
[Black "Fernandez Romero, Ernesto"]
[Result "1/2-1/2"]
[WhiteElo "2241"]
[BlackElo "2457"]
[PlyCount "50"]
[EventDate "2009.09.01"]

1. d4 Nf6 2. c4 c5 3. d5 e5 4. Nc3 d6 5. e4 Be7 6. g3 h5 7. Nf3 Nbd7 8. Bg2 Nf8
9. Nh4 g6 10. Nf3 N8h7 11. O-O Bd7 12. a3 b6 13. Qd3 a6 14. Bd2 Qc7 15. b3 O-O
16. Ng5 Rae8 17. Rae1 Kh8 18. Nd1 Qd8 19. Nxh7 Kxh7 20. f4 Ng4 21. h3 Nh6 22.
fxe5 dxe5 23. d6 Bf6 24. Nc3 Bg7 25. Nd5 Qb8 1/2-1/2

[Event "XVII Torneo Internacional de Ajedrez "]
[Site "Albacete - ESPAÑA"]
[Date "2009.09.02"]
[Round "2.12"]
[White "Guerra Mendez, Jose Angel"]
[Black "Garcia Lopez, Luis Manuel"]
[Result "1-0"]
[WhiteElo "2438"]
[BlackElo "2105"]
[PlyCount "85"]
[EventDate "2009.09.01"]

1. e4 c5 2. Nf3 d6 3. d4 cxd4 4. Nxd4 Nf6 5. Nc3 g6 6. Be2 Bg7 7. O-O O-O 8.
Be3 Nc6 9. Nb3 Be6 10. f4 Qc8 11. Kh1 Rd8 12. Bg1 d5 13. e5 Ne4 14. Bd3 f6 15.
exf6 exf6 16. Nb5 f5 17. N5d4 Bf7 18. c3 Qd7 19. a4 Qe7 20. a5 Rac8 21. a6 b6
22. Nxc6 Rxc6 23. Nd4 Rcc8 24. Qe1 Bf6 25. Qd1 Bg7 26. Nf3 Qc7 27. g3 d4 28.
Bxd4 Nc5 29. Bxc5 Qxc5 30. Qc2 Qe3 31. Rad1 Bd5 32. Qf2 Qxf2 33. Rxf2 Be4 34.
Bc4+ Kh8 35. Rxd8+ Rxd8 36. Kg2 Bf8 37. Kh3 Rd1 38. Ng5 Bc6 39. Re2 b5 40. Bb3
Ra1 41. Re6 Rxa6 42. Nf7+ Kg7 43. Nd8 1-0

[Event "XVII Torneo Internacional de Ajedrez "]
[Site "Albacete - ESPAÑA"]
[Date "2009.09.02"]
[Round "2.13"]
[White "Martinez Lozano, Miguel Angel"]
[Black "Spassov, Liuben"]
[Result "1/2-1/2"]
[WhiteElo "2229"]
[BlackElo "2434"]
[PlyCount "41"]
[EventDate "2009.09.01"]

1. e4 c6 2. d4 d5 3. e5 Bf5 4. Nf3 e6 5. Be2 Nd7 6. O-O h6 7. Nbd2 Ne7 8. Nb3
Bh7 9. c3 Ng6 10. Be3 Be7 11. Ne1 O-O 12. f4 f6 13. Bg4 f5 14. Be2 Kh8 15. Nf3
Nh4 16. Qd2 Nxf3+ 17. Bxf3 g5 18. g3 Rg8 19. Kh1 Kg7 20. Rac1 b5 21. Nc5
1/2-1/2

[Event "XVII Torneo Internacional de Ajedrez "]
[Site "Albacete - ESPAÑA"]
[Date "2009.09.02"]
[Round "2.14"]
[White "Gomez Ledo, Roberto Carlos"]
[Black "Path, David"]
[Result "1-0"]
[WhiteElo "2423"]
[BlackElo "2068"]
[PlyCount "75"]
[EventDate "2009.09.01"]

1. d4 d5 2. c4 e6 3. Nc3 Be7 4. Nf3 Nf6 5. Bg5 O-O 6. e3 h6 7. Bf4 b6 8. Rc1
dxc4 9. Bxc4 Bb7 10. O-O c5 11. Nb5 Nbd7 12. a3 a6 13. Nc3 b5 14. Ba2 Qb6 15.
dxc5 Nxc5 16. Qe2 Rfd8 17. Rfd1 Bxf3 18. gxf3 Rxd1+ 19. Rxd1 b4 20. axb4 Qxb4
21. Rd4 Qb7 22. Bg3 Nb3 23. Rd1 Rc8 24. Kg2 a5 25. Bb1 Nc5 26. Be5 Ncd7 27. Bg3
g6 28. Ne4 Nxe4 29. Bxe4 Qa7 30. Qb5 Nf8 31. Ra1 Rc5 32. Qe8 Qd7 33. Qxd7 Nxd7
34. b4 Bf6 35. bxc5 Bxa1 36. c6 Nb6 37. Bc7 Nc4 38. Bxa5 1-0

[Event "XVII Torneo Internacional de Ajedrez "]
[Site "Albacete - ESPAÑA"]
[Date "2009.09.02"]
[Round "2.15"]
[White "Krug Cortegoso, Rodolfo Martin"]
[Black "Marholev, Dimitar"]
[Result "1/2-1/2"]
[WhiteElo "2117"]
[BlackElo "2413"]
[PlyCount "28"]
[EventDate "2009.09.01"]

1. Nf3 Nf6 2. c4 g6 3. Nc3 Bg7 4. g3 O-O 5. Bg2 c5 6. O-O Nc6 7. d4 d6 8. b3
Ne8 9. e3 Bg4 10. Ne2 e5 11. h3 Bxf3 12. Bxf3 exd4 13. exd4 cxd4 14. Bb2 Qb6
1/2-1/2

[Event "XVII Torneo Internacional de Ajedrez "]
[Site "Albacete - ESPAÑA"]
[Date "2009.09.02"]
[Round "2.16"]
[White "Larios Crespo, Manuel"]
[Black "Khamrakulov, Ibragim S"]
[Result "1-0"]
[WhiteElo "2105"]
[BlackElo "2554"]
[PlyCount "51"]
[EventDate "2009.09.01"]

1. Nf3 c5 2. e4 a6 3. c4 Nc6 4. d4 cxd4 5. Nxd4 e6 6. Nc3 Qb6 7. Nb3 Nf6 8. Bd3
d6 9. O-O Be7 10. Be3 Qc7 11. f4 b6 12. Rc1 Qb7 13. Qf3 Bd7 14. e5 Ng8 15. Ne4
d5 16. cxd5 exd5 17. Nd6+ Bxd6 18. exd6 Nf6 19. Nd4 O-O 20. Nxc6 Bxc6 21. Bd4
Ne8 22. Qh3 g6 23. f5 f6 24. fxg6 hxg6 25. Bxg6 Rd8 26. Rxc6 1-0

[Event "XVII Torneo Internacional de Ajedrez "]
[Site "Albacete - ESPAÑA"]
[Date "2009.09.02"]
[Round "2.18"]
[White "Garcia Roman, Jose Luis Machado"]
[Black "Madurga Lopez, Ignacio"]
[Result "0-1"]
[WhiteElo "2033"]
[BlackElo "1821"]
[PlyCount "60"]
[EventDate "2009.09.01"]

1. b4 e5 2. Bb2 d6 3. c4 Nd7 4. e3 g6 5. Nf3 Bg7 6. d4 e4 7. Nfd2 f5 8. Qb3
Ngf6 9. Be2 c6 10. Nc3 O-O 11. f4 exf3 12. Bxf3 Re8 13. Nd1 Ne4 14. Bxe4 fxe4
15. Nf2 Qg5 16. O-O Nf6 17. d5 cxd5 18. Rac1 dxc4 19. Rxc4 Be6 20. Nfxe4 Nxe4
21. Nxe4 Bxc4 22. Qxc4+ d5 23. Nxg5 dxc4 24. Bxg7 Kxg7 25. Rf7+ Kg8 26. Rxb7
Rf8 27. Ne4 Rae8 28. Ng5 c3 29. h4 c2 30. Rc7 Rc8 0-1

[Event "XVII Torneo Internacional de Ajedrez "]
[Site "Albacete - ESPAÑA"]
[Date "2009.09.02"]
[Round "2.20"]
[White "Rodriguez Manzaneda, Irene"]
[Black "Bernabe Monteagudo, Francesc *"]
[Result "0-1"]
[WhiteElo "1703"]
[BlackElo "1973"]
[PlyCount "58"]
[EventDate "2009.09.01"]

1. e4 e6 2. d3 d5 3. Nd2 c5 4. g3 Nc6 5. Bg2 Nf6 6. Ngf3 Be7 7. O-O Qc7 8. b3
O-O 9. exd5 exd5 10. Ng5 h6 11. Nh3 Bg4 12. Nf3 Nd4 13. Be3 Nxf3+ 14. Bxf3 Bxh3
15. Re1 Be6 16. Bg2 a6 17. h3 Rad8 18. Qf3 Rfe8 19. Bf4 Qd7 20. Kh2 Nh7 21. h4
Bf6 22. Rad1 Bc3 23. Rh1 Bg4 24. Bh3 Bxf3 25. Bxd7 Rxd7 26. Bd2 Bxd2 27. Rxd2
Bxh1 28. Kxh1 Re1+ 29. Kg2 Rde7 0-1

[Event "XVII Torneo Internacional de Ajedrez "]
[Site "Albacete - ESPAÑA"]
[Date "2009.09.02"]
[Round "3.1"]
[White "Fernandez Cardoso, Alexey"]
[Black "Pogorelov, Ruslan"]
[Result "0-1"]
[WhiteElo "2413"]
[BlackElo "2477"]
[PlyCount "84"]
[EventDate "2009.09.01"]

1. e4 c6 2. d4 d5 3. e5 Bf5 4. Nf3 e6 5. Be2 Nd7 6. O-O Bg6 7. c4 dxc4 8. Bxc4
Nb6 9. Be2 Ne7 10. Bg5 h6 11. Bh4 Qd7 12. Nc3 Nf5 13. a4 Bh5 14. a5 Nd5 15.
Nxd5 Qxd5 16. a6 b5 17. Rc1 Nxh4 18. Nxh4 Bxe2 19. Qxe2 Be7 20. Nf3 O-O 21. Qc2
Rfc8 22. Qc3 Rab8 23. b4 Qa2 24. Nd2 Qa4 25. Rb1 Qxa6 26. f4 f5 27. exf6 Bxf6
28. Ne4 Rf8 29. Nc5 Qa2 30. Rb3 Qe2 31. Nd7 Rbd8 32. Nxf6+ Rxf6 33. Ra3 Qe4 34.
Rxa7 Rxf4 35. Rxf4 Qxf4 36. d5 e5 37. g3 Qe4 38. dxc6 Rd1+ 39. Kf2 Rh1 40. Qf3
Rf1+ 41. Kxf1 Qxf3+ 42. Kg1 Qe3+ 0-1

[Event "XVII Torneo Internacional de Ajedrez "]
[Site "Albacete - ESPAÑA"]
[Date "2009.09.02"]
[Round "3.2"]
[White "Gomez Garrido, Camilo"]
[Black "Larios Crespo, Manuel"]
[Result "1-0"]
[WhiteElo "2473"]
[BlackElo "2105"]
[PlyCount "61"]
[EventDate "2009.09.01"]

1. e4 d6 2. d4 g6 3. Nc3 Bg7 4. Be3 Nd7 5. Qd2 c5 6. Nge2 Ngf6 7. f3 Qa5 8.
O-O-O b5 9. Kb1 b4 10. Nd5 Nxd5 11. exd5 c4 12. Nc1 c3 13. Nb3 Qc7 14. Qe1 a5
15. Bb5 a4 16. Nc1 Qb6 17. Bc6 Bb7 18. Bg5 f6 19. Qe6 Bxc6 20. Rhe1 O-O-O 21.
dxc6 Qxc6 22. Bf4 Rhe8 23. Nd3 Qb5 24. bxc3 Kc7 25. Nxb4 Nb6 26. Ka1 f5 27. Bg5
Rd7 28. Qf7 Qc4 29. Qxc4+ Nxc4 30. Nd5+ Kd8 31. Rb1 1-0

[Event "XVII Torneo Internacional de Ajedrez "]
[Site "Albacete - ESPAÑA"]
[Date "2009.09.02"]
[Round "3.3"]
[White "Hoffman, Alejandro"]
[Black "Guerra Mendez, Jose Angel"]
[Result "0-1"]
[WhiteElo "2408"]
[BlackElo "2438"]
[PlyCount "66"]
[EventDate "2009.09.01"]

1. d4 Nf6 2. c4 g6 3. Nc3 Bg7 4. e4 d6 5. f3 O-O 6. Be3 c5 7. d5 e6 8. Qd2 exd5
9. cxd5 Nbd7 10. Nge2 a6 11. a4 Ne5 12. Nc1 h5 13. Be2 Nh7 14. O-O Re8 15. Kh1
f5 16. N1a2 Bd7 17. h3 fxe4 18. Nxe4 Bxa4 19. Nac3 Bb3 20. Ra3 Nc4 21. Bxc4
Bxc4 22. Rfa1 Qe7 23. Bh6 Rad8 24. Bxg7 Qxg7 25. b3 Bb5 26. Nxb5 axb5 27. Ra7
b4 28. R1a5 Rd7 29. Rb5 g5 30. Rb6 g4 31. Rxd6 Rxd6 32. Nxd6 gxf3 33. Nf5 Re1+
0-1

[Event "XVII Torneo Internacional de Ajedrez "]
[Site "Albacete - ESPAÑA"]
[Date "2009.09.02"]
[Round "3.4"]
[White "Picazo Lopez, Juan Antonio"]
[Black "Gomez Ledo, Roberto Carlos"]
[Result "1/2-1/2"]
[WhiteElo "2244"]
[BlackElo "2423"]
[PlyCount "75"]
[EventDate "2009.09.01"]

1. d4 d6 2. c4 e5 3. Nf3 e4 4. Ng5 f5 5. g3 Be7 6. Nh3 Nf6 7. Bg2 O-O 8. O-O c5
9. d5 Nbd7 10. f3 exf3 11. exf3 Ne5 12. Qc2 Ne8 13. f4 Nf7 14. Nd2 Nc7 15. b3
Bd7 16. Bb2 Bf6 17. Rae1 Re8 18. Nf2 a6 19. Bh3 Nh6 20. Bg2 Rb8 21. h3 b5 22.
Rxe8+ Nxe8 23. Re1 Bxb2 24. Qxb2 Qf6 25. Qxf6 Nxf6 26. Bf3 Kf8 27. Nd3 b4 28.
Nf2 a5 29. a3 a4 30. axb4 Rxb4 31. Nd3 Rb8 32. bxa4 Bxa4 33. Ra1 Bd7 34. Ra7
Nf7 35. Kf2 Ke8 36. Ke3 Ng8 37. Bh5 g6 38. Bd1 1/2-1/2

[Event "XVII Torneo Internacional de Ajedrez "]
[Site "Albacete - ESPAÑA"]
[Date "2009.09.02"]
[Round "3.5"]
[White "Hernandez Carmenates, Holden"]
[Black "Cano Sanchez, Josue"]
[Result "1-0"]
[WhiteElo "2561"]
[BlackElo "2308"]
[PlyCount "61"]
[EventDate "2009.09.01"]

1. d4 d5 2. c4 c6 3. Nc3 Nf6 4. e3 Bf5 5. cxd5 cxd5 6. Qb3 Bc8 7. Nf3 Nc6 8.
Ne5 e6 9. f4 Nd7 10. Bd2 Ndxe5 11. fxe5 Be7 12. Bd3 O-O 13. O-O f6 14. exf6
Rxf6 15. Rxf6 Bxf6 16. Be1 Bh4 17. Bxh4 Qxh4 18. Rf1 Qg5 19. Rf3 g6 20. Ne2 Qd8
21. Nf4 Kg7 22. Rg3 e5 23. dxe5 Nxe5 24. Qc3 d4 25. exd4 Nxd3 26. d5+ Kf7 27.
Rxd3 Bf5 28. Re3 Rc8 29. Ne6 Qb6 30. Qg7+ Ke8 31. Nc7+ 1-0

[Event "XVII Torneo Internacional de Ajedrez "]
[Site "Albacete - ESPAÑA"]
[Date "2009.09.02"]
[Round "3.6"]
[White "Fenollar Jorda, Manuel"]
[Black "Rivas Pastor, Manuel"]
[Result "0-1"]
[WhiteElo "2311"]
[BlackElo "2529"]
[PlyCount "64"]
[EventDate "2009.09.01"]

1. d4 Nf6 2. Nf3 g6 3. Bg5 Bg7 4. Nbd2 d6 5. e4 O-O 6. Bc4 c6 7. O-O d5 8. exd5
cxd5 9. Bd3 Nc6 10. c3 Bf5 11. Qb1 Bxd3 12. Qxd3 Ne8 13. Rfe1 Nd6 14. a4 Re8
15. Re2 Qb6 16. b4 e6 17. Ne5 f6 18. Nxc6 bxc6 19. Bf4 e5 20. dxe5 fxe5 21. Bg3
a5 22. b5 e4 23. Qc2 cxb5 24. Bxd6 Qxd6 25. Qb3 bxa4 26. Rxa4 Kh8 27. c4 Rab8
28. Qc2 Qc5 29. g3 e3 30. Nb3 exf2+ 31. Rxf2 Rxb3 32. Qxb3 Rf8 0-1

[Event "XVII Torneo Internacional de Ajedrez "]
[Site "Albacete - ESPAÑA"]
[Date "2009.09.02"]
[Round "3.7"]
[White "Ortiz Suarez, Isan Reynaldo"]
[Black "Jimenez Martinez, Jose Vicente"]
[Result "1-0"]
[WhiteElo "2517"]
[BlackElo "2241"]
[PlyCount "47"]
[EventDate "2009.09.01"]

1. e4 d6 2. d4 g6 3. Nc3 Bg7 4. f4 Nf6 5. Nf3 c5 6. dxc5 Qa5 7. Bd3 Qxc5 8. Qe2
Nc6 9. Be3 Qa5 10. O-O O-O 11. h3 Nh5 12. Qe1 e5 13. f5 Nf4 14. Bxf4 exf4 15.
Qh4 gxf5 16. Qxf4 Ne5 17. Kh1 Kh8 18. Nxe5 dxe5 19. Qg5 f6 20. Qh5 Qb4 21. exf5
Qxb2 22. Ne4 Bd7 23. Ng5 h6 24. Qg6 1-0

[Event "XVII Torneo Internacional de Ajedrez "]
[Site "Albacete - ESPAÑA"]
[Date "2009.09.02"]
[Round "3.8"]
[White "Suba, Mihai"]
[Black "Sanchez Jerez, Emilio Miguel"]
[Result "0-1"]
[WhiteElo "2501"]
[BlackElo "2240"]
[PlyCount "102"]
[EventDate "2009.09.01"]

1. c4 e5 2. g3 f5 3. d4 exd4 4. Qxd4 Nc6 5. Qd1 Nf6 6. Bg2 Bb4+ 7. Bd2 Qe7 8.
Nh3 Ne5 9. Qc2 Ne4 10. O-O Nxd2 11. Nxd2 Bxd2 12. Qxd2 d6 13. c5 dxc5 14. Rfc1
c6 15. Qe3 Nd7 16. Rc3 Qxe3 17. Rxe3+ Kf7 18. Ng5+ Kg6 19. Ne6 Re8 20. Rd1 Nf6
21. Nc7 Rxe3 22. fxe3 Rb8 23. e4 Kf7 24. Rd8 Ke7 25. Rh8 fxe4 26. Bh3 Kd6 27.
Ne8+ Nxe8 28. Rxe8 Kc7 29. Bxc8 Rxc8 30. Re7+ Kb6 31. Rxg7 Rc7 32. Rg4 Rd7 33.
Rxe4 Rd2 34. Kf2 Rxb2 35. Rh4 Rd2 36. Rxh7 c4 37. Rf7 Kc5 38. Rxb7 c3 39. Rb1
c2 40. Rc1 Kd4 41. g4 Kc3 42. h4 Kb2 43. Rxc2+ Kxc2 44. h5 c5 45. Kf3 Kd1 46.
g5 Rd5 47. Kg4 c4 48. h6 c3 49. h7 Rd8 50. g6 c2 51. g7 c1=Q 0-1

[Event "XVII Torneo Internacional de Ajedrez "]
[Site "Albacete - ESPAÑA"]
[Date "2009.09.02"]
[Round "3.9"]
[White "Fernandez Romero, Ernesto"]
[Black "Martinez Lozano, Miguel Angel"]
[Result "1-0"]
[WhiteElo "2457"]
[BlackElo "2229"]
[PlyCount "103"]
[EventDate "2009.09.01"]

1. d4 Nf6 2. c4 g6 3. Nc3 Bg7 4. e4 d6 5. Be2 O-O 6. Be3 e5 7. d5 a5 8. g4 Na6
9. g5 Nd7 10. h4 Ndc5 11. Qd2 Bd7 12. f3 Nb4 13. Nh3 c6 14. Nf2 cxd5 15. cxd5
a4 16. Ng4 Bxg4 17. fxg4 Qa5 18. O-O Rab8 19. Kg2 Nba6 20. Bxa6 Nxa6 21. Rac1
Rbc8 22. Qf2 Qd8 23. Kg3 Qd7 24. Bb6 f6 25. Qe2 fxg5 26. Rxf8+ Rxf8 27. hxg5 h6
28. Be3 hxg5 29. Bxg5 Bf6 30. Be3 Qe7 31. Rf1 Bh4+ 32. Kg2 Rxf1 33. Kxf1 Bg3
34. g5 Qh7 35. Qg4 Qh1+ 36. Bg1 Bf4 37. Qc8+ Kg7 38. Qxb7+ Kg8 39. Qc8+ Kf7 40.
Qd7+ Kg8 41. Qe6+ Kg7 42. Qf6+ Kh7 43. Qf7+ Kh8 44. Qf8+ Kh7 45. Qh6+ Qxh6 46.
gxh6 Nb4 47. a3 Nd3 48. Nxa4 Bc1 49. Ke2 Nxb2 50. Nxb2 Bxb2 51. a4 Bc3 52. Be3
1-0

[Event "XVII Torneo Internacional de Ajedrez "]
[Site "Albacete - ESPAÑA"]
[Date "2009.09.02"]
[Round "3.10"]
[White "Spassov, Liuben"]
[Black "Campayo Hernandez, Juan"]
[Result "0-1"]
[WhiteElo "2434"]
[BlackElo "2171"]
[PlyCount "46"]
[EventDate "2009.09.01"]

1. d4 d5 2. c4 c6 3. Nf3 Nf6 4. Qc2 dxc4 5. Qxc4 Bg4 6. Nbd2 Nbd7 7. g3 e6 8.
Bg2 Be7 9. O-O O-O 10. h3 Bxf3 11. Nxf3 Qb6 12. b3 a5 13. a4 Rfd8 14. Bb2 Rac8
15. Rac1 c5 16. Rfd1 Nd5 17. e4 Nb4 18. d5 exd5 19. exd5 Bf6 20. Ba3 Ne5 21.
Nxe5 Bxe5 22. f4 Bf6 23. Bxb4 cxb4+ 0-1

[Event "XVII Torneo Internacional de Ajedrez "]
[Site "Albacete - ESPAÑA"]
[Date "2009.09.02"]
[Round "3.11"]
[White "Marholev, Dimitar"]
[Black "Garcia Gata, Jorge D"]
[Result "1-0"]
[WhiteElo "2413"]
[BlackElo "2157"]
[PlyCount "69"]
[EventDate "2009.09.01"]

1. e4 c5 2. Nc3 d6 3. f4 Nc6 4. Nf3 g6 5. Bb5 Bg7 6. Bxc6+ bxc6 7. h3 Nf6 8. d3
O-O 9. O-O Rb8 10. Qe1 e6 11. b3 Ne8 12. Rb1 Nc7 13. Bb2 Nb5 14. Ne2 Bxb2 15.
Rxb2 f6 16. c4 Nc7 17. g4 e5 18. f5 Rb7 19. Qh4 Ne8 20. Ng3 g5 21. Qh6 d5 22.
h4 gxh4 23. Qxh4 Nd6 24. Rg2 Nf7 25. Nh5 Ng5 26. Nxf6+ Qxf6 27. Qxg5+ Qxg5 28.
Nxg5 a5 29. Nf3 Re7 30. Re1 d4 31. Kh2 Bd7 32. Kg3 a4 33. bxa4 Ra8 34. Rb1 Rxa4
35. Rb7 1-0

[Event "XVII Torneo Internacional de Ajedrez "]
[Site "Albacete - ESPAÑA"]
[Date "2009.09.02"]
[Round "3.12"]
[White "Llavador Moron, Juan Jose"]
[Black "Dolezal, Cristian"]
[Result "0-1"]
[WhiteElo "2171"]
[BlackElo "2403"]
[PlyCount "66"]
[EventDate "2009.09.01"]

1. e4 c5 2. Nf3 e6 3. d4 cxd4 4. Nxd4 Nf6 5. Bd3 Nc6 6. Nxc6 bxc6 7. O-O e5 8.
Nc3 Bc5 9. Kh1 a5 10. f4 d6 11. f5 a4 12. Qf3 h6 13. Qg3 Rg8 14. Bd2 Ke7 15. b3
Bd4 16. Rad1 axb3 17. axb3 Qc7 18. Na4 Bb7 19. c3 Bb6 20. c4 Bd4 21. c5 dxc5
22. Rc1 Qd6 23. Qe1 Nd7 24. Bc4 Ba6 25. Nc3 Bxc4 26. bxc4 Nf6 27. Qg3 Rgb8 28.
Qh4 Rb2 29. Rfd1 Ra3 30. Be1 Qb8 31. g4 Rbb3 32. Rd3 Bxc3 33. Bxc3 Rxc3 0-1

[Event "XVII Torneo Internacional de Ajedrez "]
[Site "Albacete - ESPAÑA"]
[Date "2009.09.02"]
[Round "3.13"]
[White "Kovacevic, Slobodan"]
[Black "Krug Cortegoso, Rodolfo Martin"]
[Result "1-0"]
[WhiteElo "2380"]
[BlackElo "2117"]
[PlyCount "81"]
[EventDate "2009.09.01"]

1. d4 g6 2. c3 Bg7 3. Bg5 Nf6 4. Nd2 d6 5. Ngf3 O-O 6. a4 Nc6 7. e4 Bd7 8. Bc4
e5 9. dxe5 Nxe5 10. Nxe5 dxe5 11. O-O a5 12. Re1 Bc6 13. Qc2 h6 14. Bh4 Qe8 15.
f3 b6 16. Nf1 Nh5 17. Ne3 Bf6 18. Bf2 Nf4 19. Bf1 h5 20. b3 Qe7 21. c4 Ne6 22.
Nd5 Bxd5 23. cxd5 Nd4 24. Qd1 Qb4 25. Bc4 Rfe8 26. f4 c5 27. f5 Bg5 28. Ra2 Kg7
29. Qd3 gxf5 30. exf5 e4 31. Rxe4 Rxe4 32. Qxe4 Qc3 33. f6+ Bxf6 34. h4 Rh8 35.
d6 Rh6 36. Kh2 Rg6 37. Be1 Qc1 38. Bg3 Rg4 39. Qb7 Rg6 40. Qxf7+ Kh6 41. Bd3
1-0

[Event "XVII Torneo Internacional de Ajedrez "]
[Site "Albacete - ESPAÑA"]
[Date "2009.09.02"]
[Round "3.14"]
[White "Picazo Lopez, Ignacio"]
[Black "Espinosa Aranda, Angel"]
[Result "1/2-1/2"]
[WhiteElo "1993"]
[BlackElo "2356"]
[PlyCount "113"]
[EventDate "2009.09.01"]

1. e4 c5 2. Nf3 Nc6 3. d4 cxd4 4. Nxd4 Nf6 5. Nc3 d6 6. f3 e5 7. Nb3 Be7 8. Nd5
Nxd5 9. exd5 Nb8 10. c4 O-O 11. Be2 f5 12. Be3 Nd7 13. O-O f4 14. Bf2 Rf6 15.
Nd2 Rh6 16. g4 fxg3 17. hxg3 Nf6 18. Re1 Qe8 19. Be3 Rh3 20. Kg2 Qg6 21. Nf1
Nh5 22. g4 Rh4 23. Bd3 Qf7 24. gxh5 Qxh5 25. Bg1 Bh3+ 26. Kf2 Rg4 27. Ne3 Bh4+
28. Ke2 Rf4 29. Kd2 Bxe1+ 30. Qxe1 Qxf3 31. Qe2 Raf8 32. Qxf3 Rxf3 33. b4 b6
34. c5 bxc5 35. bxc5 dxc5 36. Nc4 Rd8 37. Nxe5 Rf6 38. Bc4 Be6 39. Nc6 Rd7 40.
Kc3 Rf3+ 41. Kd2 Rf6 42. Bxc5 Kh8 43. Rb1 h5 44. Bd4 Bxd5 45. Rb8+ Kh7 46. Bd3+
Kh6 47. Bxf6 gxf6 48. Nb4 Bf7 49. a4 a5 50. Nc2 Bg6 51. Ne1 Bxd3 52. Nxd3 Rd4
53. Rh8+ Kg5 54. Rg8+ Kf5 55. Rh8 Kg5 56. Rg8+ Kf5 57. Rh8 1/2-1/2

[Event "XVII Torneo Internacional de Ajedrez "]
[Site "Albacete - ESPAÑA"]
[Date "2009.09.02"]
[Round "3.15"]
[White "Ontanon Gomez, Pablo"]
[Black "Mirzoev, Azer"]
[Result "0-1"]
[WhiteElo "1916"]
[BlackElo "2584"]
[PlyCount "78"]
[EventDate "2009.09.01"]

1. e4 d5 2. exd5 Qxd5 3. Nc3 Qa5 4. d4 Nf6 5. Nf3 c6 6. Bc4 Bg4 7. Bd2 e6 8.
Ne4 Qb6 9. Nxf6+ gxf6 10. c3 Nd7 11. Qb3 Bxf3 12. gxf3 Bd6 13. f4 Qxb3 14. Bxb3
f5 15. O-O-O Nf6 16. Rde1 Kd7 17. c4 Nh5 18. d5 Bxf4 19. Re2 Rad8 20. Rd1 Ke7
21. Kb1 Bxd2 22. Rdxd2 Rhg8 23. Rd4 c5 24. Rh4 Nf6 25. a3 Rg4 26. Rxg4 Nxg4 27.
f3 Nf6 28. Bc2 Kd6 29. dxe6 fxe6 30. b4 b6 31. Rd2+ Ke7 32. Re2 Kf7 33. bxc5
bxc5 34. Kb2 Rd4 35. Kc3 Rf4 36. Re3 Rh4 37. Re2 Rh3 38. Re3 Ng4 39. Rd3 Ne5
0-1

[Event "XVII Torneo Internacional de Ajedrez "]
[Site "Albacete - ESPAÑA"]
[Date "2009.09.02"]
[Round "3.17"]
[White "Alvarez Pedraza, Aramis"]
[Black "Atienza, Hilario"]
[Result "1-0"]
[WhiteElo "2479"]
[BlackElo "1857"]
[PlyCount "39"]
[EventDate "2009.09.01"]

1. g3 d5 2. Bg2 g6 3. d4 Bg7 4. c4 c6 5. Nc3 e6 6. Nf3 Ne7 7. h4 h5 8. O-O b6
9. Bf4 Ba6 10. cxd5 exd5 11. Rc1 O-O 12. Qa4 Bb7 13. Rfe1 b5 14. Qb3 Nf5 15. e4
dxe4 16. Nxe4 Nd7 17. Nd6 Nxd6 18. Bxd6 Re8 19. Rxe8+ Qxe8 20. Re1 1-0

[Event "XVII Torneo Internacional de Ajedrez "]
[Site "Albacete - ESPAÑA"]
[Date "2009.09.02"]
[Round "3.18"]
[White "Diaz Rios, Ignacio Jose"]
[Black "Pozo Vera, Sandro"]
[Result "0-1"]
[WhiteElo "1847"]
[BlackElo "2464"]
[PlyCount "74"]
[EventDate "2009.09.01"]

1. e4 e6 2. d4 d5 3. Nc3 Bb4 4. e5 c5 5. a3 Bxc3+ 6. bxc3 Ne7 7. Nf3 b6 8. Bg5
h6 9. Bxe7 Qxe7 10. Bd3 O-O 11. O-O Ba6 12. Bxa6 Nxa6 13. Qe2 Qb7 14. a4 Rfc8
15. Rfb1 cxd4 16. cxd4 Rc4 17. a5 b5 18. Rb3 Rac8 19. Ne1 b4 20. Qd2 Rc3 21.
Rab1 Qc7 22. Ra1 Qc4 23. Rab1 Rc7 24. h3 Rxb3 25. Rxb3 Qb5 26. c3 Qc4 27. Qc2
bxc3 28. Nd3 Qxd4 29. g3 Qc4 30. Kh2 d4 31. Nc1 Rc8 32. Rb7 Nc5 33. Rxa7 d3 34.
Qd1 d2 35. Qf3 Rf8 36. Ra8 Rxa8 37. Qxa8+ Kh7 0-1

[Event "XVII Torneo Internacional de Ajedrez "]
[Site "Albacete - ESPAÑA"]
[Date "2009.09.02"]
[Round "3.19"]
[White "Fernandez Barrera, Victor"]
[Black "Septien Lopez, Valeriano *"]
[Result "1-0"]
[WhiteElo "2302"]
[BlackElo "1945"]
[PlyCount "90"]
[EventDate "2009.09.01"]

1. e4 d5 2. exd5 Qxd5 3. Nc3 Qd6 4. d4 Nf6 5. Nf3 g6 6. Nb5 Qb6 7. c4 c6 8. c5
Qd8 9. Nc3 Bg7 10. Bc4 O-O 11. h3 b5 12. Bb3 e6 13. O-O Ba6 14. Re1 Qc7 15. a4
b4 16. Na2 Nbd7 17. Nxb4 Bb7 18. a5 a6 19. Nd3 Rad8 20. Bf4 Qc8 21. Qe2 Nd5 22.
Bd6 Rfe8 23. Nfe5 Nxe5 24. Nxe5 Rxd6 25. cxd6 Qd8 26. d7 Re7 27. Bc4 Bxe5 28.
dxe5 Rxd7 29. Red1 Qa8 30. Bxd5 cxd5 31. Rd4 Bc6 32. Rc1 Bb5 33. Qd2 Qb7 34.
Qh6 Rc7 35. Rcd1 Rc2 36. Rh4 f5 37. exf6 Rxb2 38. Rf4 Be8 39. Rfd4 Qf7 40. Qf4
Qb7 41. Qd6 Qc8 42. Re1 Bf7 43. Rdd1 Qb8 44. Qxa6 e5 45. Rc1 Be6 1-0